000 00342nam a2200133Ia 4500
008 240624s9999 xx 000 0 und d
041 _aeng
082 _a332.0285 McC
100 _aMCCARTHY ED
245 _aFOUNDATIONS OF COMPUTATIONAL FINANCE WIT
260 _c2018
_aNew Jersey
_bWiley
300 _axviii, 347 p.; 23 cm.
365 _c
_b35
999 _c31576
_d31576